[Event "SVK-chT1E 1819"]
[Site "Slovakia"]
[Date "2019.02.02"]
[Round "7.7"]
[White "Panko, Radoslav"]
[Black "Gaborcik, Michal"]
[Result "1-0"]
[WhiteElo "1978"]
[BlackElo "1585"]
[PlyCount "37"]
[EventDate "2018.10.27"]
[EventType "team-tourn"]
[EventRounds "11"]
[EventCountry "SVK"]
[SourceTitle "CBM 188 Extra"]
[Source "ChessBase"]
[SourceDate "2019.02.26"]
[SourceVersion "1"]
[SourceVersionDate "2019.02.26"]
[SourceQuality "1"]
[WhiteTeam "Bardejov"]
[BlackTeam "Kezmarok"]
[WhiteTeamCountry "SVK"]
[BlackTeamCountry "SVK"]

1. Nc3 g6 2. h4 e6 3. d4 d5 4. e4 dxe4 5. Nxe4 Be7 6. Nf3 b6 7. Bb5+ c6 8. Bd3 Nf6 9. Qe2 Bb7 10. Bf4 Nd5 11. Bd2 Nd7 12. h5 gxh5 13. Ne5 N5f6 14. Nxf7 Kxf7 15. Ng5+ Ke8 16. Qxe6 Nf8 17. Qf7+ Kd7 18. Bf5+ Kc7 19. Bf4+ 1-0

[Event "Tatry op"]
[Site "Tatranske Zruby"]
[Date "2013.10.05"]
[Round "8"]
[White "Janas, Peter"]
[Black "Gaborcik, Michal"]
[Result "1/2-1/2"]
[WhiteElo "1707"]
[BlackElo "1318"]
[PlyCount "157"]
[EventDate "2013.09.29"]
[EventType "swiss"]
[EventRounds "9"]
[EventCountry "SVK"]
[SourceTitle "EXT 2023"]
[Source "ChessBase"]
[SourceDate "2022.10.05"]
[SourceVersion "1"]
[SourceVersionDate "2022.10.05"]
[SourceQuality "1"]

1. d4 d5 2. c4 e6 3. Nf3 c5 4. e3 Nf6 5. Bd3 Nc6 6. 0-0 Bd6 7. Nc3 dxc4 8. Bxc4 Na5 9. Bb5+ Bd7 10. e4 Bxb5 11. Nxb5 Nxe4 12. Re1 Nf6 13. Qa4 Nc6 14. Nxd6+ Qxd6 15. dxc5 Qxc5 16. Bg5 Qb4 17. Qc2 Nd5 18. Re4 Qb6 19. Be3 Nxe3 20. Rxe3 Rc8 21. Ne5 Ke7 22. Nxc6+ Rxc6 23. Qb3 Qxb3 24. Rxb3 b6 25. g3 Rhc8 26. Rf1 Rc1 27. Rxc1 Rxc1+ 28. Kg2 Rc5 29. Kf3 a6 30. Ke2 f5 31. Kf3 g5 32. h3 h5 33. Rb4 e5 34. Ke3 b5 35. Ke2 Rc4 36. Rb3 Kd6 37. Rd3+ Rd4 38. Ra3 Re4+ 39. Kf1 Ra4 40. Rd3+ Ke6 41. a3 Rd4 42. Rb3 h4 43. Ke2 Re4+ 44. Kf1 hxg3 45. fxg3 Rd4 46. Ke2 Re4+ 47. Kf2 Rc4 48. Kf1 Rc1+ 49. Kf2 Rc2+ 50. Kg1 e4 51. h4 gxh4 52. gxh4 Kf6 53. a4 Rc5 54. axb5 axb5 55. Kf2 f4 56. Kf1 Kf5 57. h5 Kg5 58. h6 Kxh6 59. Rb4 Re5 60. Rd4 Kg5 61. Kf2 Kg4 62. Rd1 e3+ 63. Ke1 f3 64. Rd8 Rg5 65. Rd4+ Kg3 66. Re4 e2 67. Re8 Kg2 68. Rf8 Kg1 69. Rxf3 Re5 70. Rf2 Re4 71. Rxe2 Rb4 72. Kd1 Kf1 73. Rc2 Rd4+ 74. Rd2 Rc4 75. Rd5 b4 76. Kd2 b3 77. Kd3 Rc2 78. Rb5 Rxb2 79. Kc3 1/2-1/2

[Event "Tatry op"]
[Site "Tatranske Zruby"]
[Date "2013.09.30"]
[Round "2"]
[White "Cebo, Vladimir"]
[Black "Gaborcik, Michal"]
[Result "1-0"]
[WhiteElo "1642"]
[BlackElo "1318"]
[PlyCount "75"]
[EventDate "2013.09.29"]
[EventType "swiss"]
[EventRounds "9"]
[EventCountry "SVK"]
[SourceTitle "EXT 2023"]
[Source "ChessBase"]
[SourceDate "2022.10.05"]
[SourceVersion "1"]
[SourceVersionDate "2022.10.05"]
[SourceQuality "1"]

1. c4 e5 2. Nc3 Nf6 3. e4 Bc5 4. Nf3 d6 5. Be2 Nc6 6. a3 Nd4 7. d3 c6 8. Nxd4 Bxd4 9. 0-0 h6 10. Rb1 a5 11. Be3 Bxc3 12. bxc3 c5 13. Bf3 Qe7 14. h3 Nd7 15. Be2 g5 16. d4 b6 17. Qa4 Kd8 18. Rfd1 Kc7 19. Bg4 Nb8 20. dxc5 dxc5 21. Rxb6 Bxg4 22. hxg4 Kxb6 23. Qb5+ Kc7 24. Bxc5 Qe8 25. Bd6+ Kc8 26. Qd5 Ra7 27. Rb1 Nc6 28. Rb6 Rc7 29. c5 Qd7 30. Qc4 Ra7 31. Qb5 Rc7 32. Qa6+ Kd8 33. Bxc7+ Qxc7 34. Rxc6 Qb8 35. Qxa5+ Ke8 36. Rb6 Qc8 37. Qb5+ Ke7 38. c6 1-0